000 00687nam a2200205 i 4500
001 32853
003 ES-MaACL
005 20250723094624.0
007 t|
008 030131s1924 sp ||||1| spa d
100 1 _aBermejo y Vida, Luis.
_928120
245 1 0 _aTratado elemental de química general y aplicada /
_cpor Luis Bermejo y Vida ; con prólogo de José R. Carracido.
250 _a3ª ed.
260 _aBarcelona :
_bPubul,
_c1924 (
_fMariano Galve)
300 _aXI, 921 p., [2] h. de lám. col. :
_bil. ;
_c25 cm.
650 7 _aQuímica
_2embne
_916625
700 1 _aRodríguez Carracido, José,
_d1856-1928
_998407
852 _aES-MaACL
_jB-5287
999 _c32853
_d32853